00969nam a22002657a 450000500170000000800410001702000150005802000260007302000270009902000230012604000530014904100080020206000120021024501010022225000220032326000790034530000360042454600220046065000460048265000370052865000220056565000470058765000300063471000390066420211022074343.0130821s2010 xxua grff eng  z1433805596 a9781433832161 (7a.Ed) a9781433805592 (6a.Ed.) a1557987904 (5a.Ed) aCo-BoUCMbspac[Nuevo]dSaul Niño (Modificó)00aeng00aBF 76.700aPublication manual of the American Psychological AssociationcAmerican Psychological Association aSeptima edición aWashington D.C. (Estados Unidos)bAmerican Psychological Associationc2020 axxii, 427 páginasbgráficas aTexto en inglés 7aEscritos académicos vNormas técnicas 7aPsicología vNormas técnicas 7aArte de escribir  7aCitas bibliográficas vNormas técnicas 7aTeoría lingüística 2 aAmerican Psychological Association